| 000 | 00678nam a2200217 a 4500 | ||
|---|---|---|---|
| 001 | 000021121 | ||
| 003 | DO-SdBNP | ||
| 005 | 20260421194438.0 | ||
| 007 | ta | ||
| 008 | 100831s 0 xxu r 000 u spa d | ||
| 040 |
_aDO-SdBNP _bspa _cBNPHU |
||
| 082 |
_axxx _bF585c |
||
| 100 | 1 |
_aFlaquer Lopéz, José A. _944164 |
|
| 245 | 1 | 3 |
_aCristianismo y politica : _bel diseño de Dios para los gobiernos y el carácter de un lider político a la manera de Dios / _cJosé A. Flaquer Lopéz |
| 260 |
_as.l _bs.n _cs.f. |
||
| 300 |
_a41 p. ; _c22 cm. |
||
| 590 | _aInventariado, 2022 / DG | ||
| 650 | 0 |
_aCristianismo _xAspectos económicos _944166 |
|
| 910 | _aDG | ||
| 942 |
_2ddc _cLF2 |
||
| 999 |
_c52606 _d52606 |
||